Threat of greenfield housing continues (Record no. 71962)
[ view plain ]
| 000 -LEADER | |
|---|---|
| fixed length control field | 00841cam a2200181 4500 |
| 001 - CONTROL NUMBER | |
| control field | WB3903-10 |
| 008 - FIXED-LENGTH DATA ELEMENTS--GENERAL INFORMATION | |
| fixed length control field | 030123n2003 000 0 eng u |
| 035 ## - SYSTEM CONTROL NUMBER | |
| System control number | (Sirsi) u121102 |
| 245 ## - TITLE STATEMENT | |
| Title | Threat of greenfield housing continues |
| 260 ## - PUBLICATION, DISTRIBUTION, ETC. | |
| Date of publication, distribution, etc. | 2003 |
| 490 ## - SERIES STATEMENT | |
| Series statement | Council for the Protection of Rural England Press Release |
| Volume/sequential designation | (0203) 22 January 2003, (3) |
| 520 ## - SUMMARY, ETC. | |
| Summary, etc. | Local authority plans in the UK contain proposals for greenfield housing development that could cover an area of countryside bigger than 431sq km, eqivalent to Birmingham, Coventry and Wolverhampton combined, according to a recent survey by the Council for the Protection of Rural England. More information is available from http://www.cpre.org.uk/ |
| 590 ## - LOCAL NOTE (RLIN) | |
| Local note | WB |
| 650 ## - SUBJECT ADDED ENTRY--TOPICAL TERM | |
| Topical term or geographic name entry element | GREENFIELD DEVELOPMENT |
| 650 ## - SUBJECT ADDED ENTRY--TOPICAL TERM | |
| Topical term or geographic name entry element | RURAL DEVELOPMENT |
| 690 ## - LOCAL SUBJECT ADDED ENTRY--TOPICAL TERM (OCLC, RLIN) | |
| Topical term or geographic name as entry element | HOUSING |
| 942 ## - ADDED ENTRY ELEMENTS (KOHA) | |
| Suppress in OPAC | 0 |
| Withdrawn status | Lost status | Source of classification or shelving scheme | Damaged status | Not for loan | Home library | Current library | Shelving location | Date acquired | Total Checkouts | Full call number | Barcode | Date last seen | Copy number | Price effective from | Koha item type |
|---|---|---|---|---|---|---|---|---|---|---|---|---|---|---|---|
| Dewey Decimal Classification | London | London | News article | 23/01/2003 | WB3903-10 | 121102-1001 | 06/08/2019 | 1 | 06/08/2019 | News article |